Statistics for Harry Potter Chain Game

Click here to take the quiz!

General Stats

  • This quiz has been taken 151 times
    (140 since last reset)
  • The average score is 16 of 20

Answer Stats

HintAnswer% Correct
Surname of AlbusDumbledore
99%
Voldemort's ArmyDeath Eater
94%
Gryffindor ColorsRed and Gold
94%
The Care of Magical Creatures Teacher's favorite spider.Aragog
92%
Keeper of Keys at HogwartsHagrid
92%
Harry Potter's DaugterLily
92%
Sunshine Daisies, butter mellow, Turn this stupid, fat rat _________.Yellow
90%
Used to cast spells.Wand
89%
Transfiguration TeacherMinerva McGonagall
88%
School where Victor Krum attended.Durmstrang
86%
Neville's ToadTrevor
85%
Star of "Fantastic Beasts and Where to Find them."Newt
77%
Magical Tree Outside HogwartsWhomping Willow
77%
Last name of Harry's Irish friend.Finnigan
76%
Death Eater and Headmaster of (Answer to Number 14)Karkaroff
75%
Name of the goblin who deceived Harry.Griphook
73%
Madame Hooch's First Name.Rolanda
66%
Played Luna Lovegood in the Harry Potter franchise.Evanna Lynch
63%
Turn this water into ____________Rum
63%
Color of Crookshanks.Ginger
59%

Score Distribution

Percentile by Number Answered

Percent of People with Each Score

Your Score History

You have not taken this quiz since the last reset